PROGRAMMING IN C A PRACTICAL (Record no. 18295)

MARC details
000 -LEADER
fixed length control field 00338nam a22001577a 4500
003 - CONTROL NUMBER IDENTIFIER
control field SGT
020 ## - INTERNATIONAL STANDARD BOOK NUMBER
International Standard Book Number 9788131729342
082 ## - DEWEY DECIMAL CLASSIFICATION NUMBER
Classification number 005.13,MIT
100 ## - MAIN ENTRY--PERSONAL NAME
Personal name MITTAL AJAY
245 ## - TITLE STATEMENT
Title PROGRAMMING IN C A PRACTICAL
250 ## - EDITION STATEMENT
Edition statement 14TH
260 ## - PUBLICATION, DISTRIBUTION, ETC. (IMPRINT)
Place of publication, distribution, etc NOIDA (UP)
Name of publisher, distributor, etc PEARSON
Year of Publication 2018
300 ## - PAGE DESCRIPTION
No. of Pages 744
650 ## - SUBJECT ADDED ENTRY--TOPICAL TERM
Topical term or geographic name as entry element COMPUTER
942 ## - ADDED ENTRY ELEMENTS (KOHA)
Source of classification or shelving scheme Dewey Decimal Classification
Koha item type Books
942 ## - ADDED ENTRY ELEMENTS (KOHA)
-- 40
Holdings
Withdrawn status Lost status Source of classification or shelving scheme Damaged status Not for loan Collection code Home library Current library Shelving location Date acquired Vendor Name Cost, normal purchase price SGTU Bill Number Total Checkouts Total Renewals Full call number Accession No. (Barcode) Date last seen Date last borrowed Bill Date Koha item type
    Dewey Decimal Classification     ENGINEERING SGT Engineering Library SGT Engineering Library Text Book 14/06/2019 KIRTI PRAKASHAN 599.00 SGTU IN3435 11 2 005.13,MIT FE7221 17/01/2025 17/01/2025 29/03/2019 Books
    Dewey Decimal Classification     ENGINEERING SGT Engineering Library SGT Engineering Library Text Book 14/06/2019 KIRTI PRAKASHAN 599.00 SGTU IN3435 8   005.13,MIT FE7222 05/02/2025 17/01/2025 29/03/2019 Books
    Dewey Decimal Classification     ENGINEERING SGT Engineering Library SGT Engineering Library Text Book 14/06/2019 KIRTI PRAKASHAN 599.00 SGTU IN3435 5   005.13,MIT FE7223 03/03/2025 24/02/2025 29/03/2019 Books
    Dewey Decimal Classification     ENGINEERING SGT Engineering Library SGT Engineering Library Text Book 14/06/2019 KIRTI PRAKASHAN 599.00 SGTU IN3435 4   005.13,MIT FE7224 11/01/2025 17/12/2024 29/03/2019 Books
    Dewey Decimal Classification     ENGINEERING SGT Engineering Library SGT Engineering Library Text Book 14/06/2019 KIRTI PRAKASHAN 599.00 SGTU IN3435 15   005.13,MIT FE7225 22/11/2024 11/11/2024 29/03/2019 Books